000 00785nam a2200205 i 4500
001 186583
003 SpMaBN
005 20250725232310.0
008 161201s1950 sp |||| | spa d
080 _a821.134.2-14(082.2)
100 1 _aMontesión, Francisco Gamero-Civico
_cMarqués de.
_9161391
245 1 3 _aEl madrigal en la poesía española
_b: conferencia pronunciada en el Ateneo de Madrid, el día 11 de mayo de 1950 /
_cpor el Marqués de Montesión.
260 _aSevilla :
_b[s.n.],
_c1950 (
_fImp. y Pap. Raimundo)
300 _a46 p. ;
_c22 cm.
610 2 4 _aAteneo de Madrid-
_vConferencias-
_y1940-1982.
_91908
650 7 _aMadrigales.
_9161392
650 7 _aPoesías líricas españolas
_2embne
_9153683
852 _aES-MaACL
_j2333-F-23
999 _c186583
_d186583